000 00676nam a2200169 i 4500
001 185261
003 ES-MaACL
005 20230906222400.0
008 160428q19101920ne |||| | fre d
110 2 _aMartinus Nijhoff (La Haya)
_9159006
245 1 0 _aCatalogue [nº 429] de livres anciens en vente aux prix marqués :
_bla Réforme et le protestantisme dans les Pays-Bas jusqu'a l'année 1600 ( y compris les précurseurs de la Réforme).
260 _aLa Haye :
_bMarinus Nijhoff, [191-?]
300 _a80 p. ;
_c21 cm.
610 2 4 _aMartinus Nijhoff (La Haya)-
_vCatálogos.
_9159007
650 4 _aLibros-
_vCatálogos comerciales.
_9159004
852 _aES-MaACL
_j1543-F-8
999 _c185261
_d185261